Statistiken für S-Bahn Hannover

Klicken Sie hier um das Quiz zu spielen!

Allgemein

  • Dieses Quiz wurde 83 mal gespielt
  • Das Durchschnittsergebnis liegt bei 80 aus 138

Antwortstatistiken

LinieBahnhof% Korrekt
Hannover Hauptbahnhof
98%
Hannover-Linden/Fischerhof
81%
Hannover-Nordstadt
77%
Wunstorf
77%
S5Hannover Flughafen
75%
Langenhagen-Mitte
75%
Lehrte
75%
Hannover Messe/Laatzen
72%
S1Minden
70%
Celle
69%
Hannover-Bismarckstraße
69%
Hannover Bismarckstraße
69%
Haste
69%
Seelze
69%
Langenhagen-Pferdemarkt
67%
Hameln
66%
Ahlten
64%
Burgdorf
61%
Hannover-Ledeburg
61%
Hannover-Vinnhorst
61%
S4Bennemühlen
59%
Hannover-Leinhausen
59%
S2Nienburg
59%
Sarstedt
59%
Barsinghausen
58%
Hannover-Karl-Wiechert-Allee
58%
Hildesheim Hauptbahnhof
58%
Letter
58%
Paderborn Hauptbahnhof
58%
Springe
58%
Empelde
56%
Hannover-Anderten/Misburg
56%
Hannover-Kleefeld
55%
Weetzen
55%
Bad Pyrmont
53%
Ronnenberg
53%
Hannover-Bornum
52%
Mellendorf
52%
Neustadt am Rübenberge
52%
Rethen
52%
Stadthagen
52%
Altenbeken
50%
Dedensen/Gümmer
50%
Wennigsen
48%
Bad Nenndorf
47%
Bückeburg
47%
Langenhagen-Kaltenweide
45%
Aligse
44%
Sehnde
44%
Bennigsen
42%
Bissendorf
42%
Ehlershausen
42%
Lemmie
41%
Völksen/Eldagsen
41%
Bad Münder
39%
Poggenhagen
39%
Algermissen
38%
Egestorf
38%
Holtensen/Linderte
38%
Otze
38%
Emmerthal
36%
Lindhorst
36%
Harsum
34%
Kirchhorsten
34%
Steinheim (Westf)
34%
Eilvese
33%
Hagen
33%
Kirchdorf
33%
Linsburg
33%
Barnten
31%
Lügde
31%
Schieder
31%
Winninghausen
31%
Bantorf
30%
Emmerke
30%

Verteilung der Resultate

Perzentil nach korrekt beantworteten Fragen

Anzahl Personen mit jedem Resultat

Ihre Resultats-Entwicklung

Sie haben dieses Quiz noch nicht gespielt